000 003520000a22001570004500
003 LK-CoMWRAF
005 20230825053555.0
008 230817t ||||| |||| 00| 0 eng d
040 _aLK-CoMWRAF
_dLK-CoMWRAF
_eLK-CoMWRAF
041 _aeng
082 _a780
_bWRI
100 _aWright, Lorna
245 _aJust For You
300 _a253 p
942 _cBK
999 _c702
_d702